Statystyki dla Transfery Chelsea w letnim okienku transferowym 2020/21.

Kliknij tutaj aby rozwiązać quiz!

Ogólne statystyki

  • Ten quiz został rozwiązany 190 razy
  • Średni wynik to 6 z 7

Statystyki odpowiedzi

CenaPozycjaPoprzedni klubPiłkarz% Poprawnych
80,00 mlnOfensywny pomocnikBayer LeverkusenHavertz
99%
53,00 mlnŚrodkowy NapastnikRB LipskWerner
98%
24,00 mlnBramkarzRennesMendy
93%
Za darmoŚrodkowy obrońcaPSGSilva
92%
40,00 mlnOfensywny pomocnikAjaxZiyech
88%
50,20 mlnLewy obrońcaLeicester CityChilwell
87%
Za darmoŚrodkowy obrońcaNiceSarr
61%

Rozkład punktacji

Percentyl według liczby udzielonych odpowiedzi

Procent ludzi z każdym wynikiem

Twoja historia wyników

Nie rozwiązałeś tego quizu